Detekcia falošných správ v oblasti politiky

Saved in:
Bibliographic Details
Main Author: Lenkeyová, Ivana (Author)
Other Authors: Šeleng, Martin (Thesis advisor)
Format: Manuscript Book
Language:Slovak
Published: 2022
Subjects:
Online Access:http://is.stuba.sk/zp/portal_zp.pl?podrobnosti=163869
Tags: Add Tag
No Tags, Be the first to tag this record!

MARC

LEADER 00000ntm a22000003a 4500
001 stuzp90728
003 SK-STU
005 20220618212200.8
007 ta
008 150427s2015----xo-----f-mn---000-0-slo-d
040 |a STU  |b slo 
041 0 |a slo 
100 1 |a Lenkeyová, Ivana  |u 070200  |4 aut  |U FIIT Fakulta informatiky a informačných technológií  |T FIIT Ústav informatiky, informačných systémov a softvérového inžinierstva  |X 85933  |U I200  |Y 179  |7 85933 
242 0 1 |a Fake News Detection in Politics  |y eng 
245 1 0 |a Detekcia falošných správ v oblasti politiky 
260 |c 2022 
650 4 |a detekcia falošných správ  |2 slo 
650 4 |a falošné správy  |2 slo 
650 4 |a hlboké učenie  |2 slo 
650 4 |a politické subjekty  |2 slo 
650 4 |a fake news detection  |2 eng 
650 4 |a fake news  |2 eng 
650 4 |a deep learning  |2 eng 
650 4 |a political subjects  |2 eng 
700 1 |a Šeleng, Martin  |4 ths  |X 52525  |7 A000052525 
856 4 |u http://is.stuba.sk/zp/portal_zp.pl?podrobnosti=163869